Luchadores Famosos UFC (Fácil) - Estadísticas

Estadísticas generales
  • Esta prueba ha sido intentada 127 veces
  • La puntuación promedio es 14 de 16
Estadísticas de respuestas
Imagen Respuesta % Correcto
Ilia Topuria
100%
Conor McGregor
97%
Max Holloway
94%
Alexander Volkanovski
93%
Jon Jones
91%
Khabib Nurmagomedov
91%
Islam Makhachev
88%
Alex Pereira
87%
Israel Adesanya
84%
Khamzat Chimaev
84%
Daniel Cormier
80%
Dustin Poirier
78%
Anderson Silva
77%
Demetrious Johnson
74%
Georges St-Pierre
73%
Brock Lesnar
69%
No se encontraron pruebas coincidentes
Distribución de puntuación
Porcentaje de gente con cada puntuación
Porcentaje por número respondido
Historial de tus puntuaciones
No has intentado esta prueba.